Normal view
MARC view
Entry Personal Name
001 - CONTROL NUMBER
- control field: 27636
003 - CONTROL NUMBER IDENTIFIER
- control field: ARRUPE
005 - DATE AND TIME OF LATEST TRANSACTION
- control field: 20161128153140.0
008 - FIXED-LENGTH DATA ELEMENTS
- fixed length control field: 161128|| aca||aabn | a|a d
040 ## - CATALOGING SOURCE
- Original cataloging agency: ARRUPE
- Transcribing agency: ARRUPE
100 ## - HEADING--PERSONAL NAME
- Personal name: Tawney, R. H.
- Dates associated with a name: 1880-1962.
670 ## - SOURCE DATA FOUND
- Source citation: Work cat.: (ARRUPE)0: Tawney, R. H. 1880-1962., Religion and the rise of capitalism, 1926